Statistics for Lana Del Rey - Wildflower Wildfire Lyrics

Click here to take the quiz!

General Stats

  • This quiz has been taken 17 times
  • The average score is 249 of 318

Answer Stats

Answer% Correct
a
100%
coffee
100%
Hot
100%
hot
100%
I
100%
I'm
100%
it
100%
(It
100%
So
100%
so
100%
the
100%
You
100%
you
100%
be
92%
’Cause
92%
deal
92%
fire
92%
here
92%
Here's
92%
know
92%
(Like
92%
like
92%
Like
92%
wild
92%
wildflower
92%
your
92%
about
85%
baby)
85%
Baby
85%
baby
85%
better
85%
but
85%
in
85%
It's
85%
it's
85%
long
85%
Not
85%
on
85%
talk
85%
that
85%
To
85%
to
85%
true
85%
wanna
85%
weather
85%
when
85%
with
85%
With
85%
been
77%
burn
77%
Burn
77%
do
77%
for
77%
I’ll
77%
I'll
77%
into
77%
I've
77%
I’ve
77%
learn
77%
light
77%
me
77%
million
77%
night
77%
poetry
77%
promise
77%
runnin'
77%
star
77%
strange
77%
turn
77%
up
77%
was
77%
what
77%
What
77%
wildfire
77%
would
77%
wouldn't
77%
Alone
69%
always
69%
and
69%
And
69%
at
69%
darling
69%
feet
69%
how
69%
make
69%
my
69%
My
69%
tomorrows
69%
will
69%
best
62%
came
62%
can
62%
cruel
62%
hospitals
62%
is
62%
lithium
62%
live
62%
never
62%
Nothing
62%
nothing
62%
numb
62%
of
62%
only
62%
running
62%
sheets
62%
stardust
62%
then
62%
world
62%
burns
54%
Comfortably
54%
father
54%
Later
54%
rage
54%
sheer
54%
Smell
54%
smile
54%
stand
54%
stepped
54%
still
54%
sweet
54%
wife
54%
wildflowers
54%
willpower
54%
awkward
46%
babe)
46%
bed
46%
ended
46%
fill
46%
from
46%
gaps
46%
hazily
46%
his
46%
nourish
46%
others
46%
say
46%
something
46%
there's
46%
down
38%
drip
38%
gardenias
38%
IV's
38%
lie
38%
whom
31%
hurts
23%

Score Distribution

Percentile by Number Answered

Percent of People with Each Score

Your Score History

You have not taken this quiz